Белый пудель и другие рассказы (Запись № 9822891)

Подробности
000 -МАРКЕР
контрольное поле 01704nam0a2200445 4500
001 - ИДЕНТИФИКАТОР ЗАПИСИ
контрольное поле RU\NLR\BIBL_A\010721531
005 - ИДЕНТИФИКАТОР ВЕРСИИ
контрольное поле 20260406152232.0
010 ## - МЕЖДУНАРОДНЫЙ СТАНДАРТНЫЙ НОМЕР КНИГИ (ISBN)
Номер (ISBN) 978-5-479-01327-0
021 ## - НОМЕР ГОСУДАРСТВЕННОЙ РЕГИСТРАЦИИ
Код страны Российская Федерация
Номер 2016-3606
Номер Листа государственной регистраци 219
021 ## - НОМЕР ГОСУДАРСТВЕННОЙ РЕГИСТРАЦИИ
Код страны Российская Федерация
Номер 2017-52121
Номер Листа государственной регистраци 3726
021 ## - НОМЕР ГОСУДАРСТВЕННОЙ РЕГИСТРАЦИИ
Код страны Российская Федерация
Номер 2016-96318
Номер Листа государственной регистраци 6384
021 ## - НОМЕР ГОСУДАРСТВЕННОЙ РЕГИСТРАЦИИ
Код страны Российская Федерация
Номер 2015-12944
Номер Листа государственной регистраци 785
035 ## - ДРУГИЕ СИСТЕМНЫЕ НОМЕРА
Идентификатор записи (NLR Aleph) 010721531
035 ## - ДРУГИЕ СИСТЕМНЫЕ НОМЕРА
Идентификатор записи (RuMoRGB)008937143
035 ## - ДРУГИЕ СИСТЕМНЫЕ НОМЕРА
Идентификатор записи (NILC)RuMoRGB-007882201
100 ## - ДАННЫЕ ОБЩЕЙ ОБРАБОТКИ
Данные общей обработки 20150407d2015 c y0rusy50 ca
101 0# - ЯЗЫК РЕСУРСА
Язык текста, звукозаписи и т.д. русский
102 ## - СТРАНА ПУБЛИКАЦИИ ИЛИ ПРОИЗВОДСТВА
Страна публикации Российская Федерация
105 ## - ПОЛЕ КОДИРОВАННЫХ ДАННЫХ: ТЕКСТОВЫЕ МАТЕРИАЛЫ, МОНОГРАФИЧЕСКИЕ
Кодированные данные о монографическом текстовом документе ac||z|||000ay
200 1# - ЗАГЛАВИЕ И СВЕДЕНИЯ ОБ ОТВЕТСТВЕННОСТИ
Основное заглавие Белый пудель и другие рассказы
Сведения, относящиеся к заглавию [для младшего и среднего школьного возраста]
Первые сведения об ответственности А. И. Куприн
Последующие сведения об ответственности [худож. Н. Барай]
210 ## - ПУБЛИКАЦИЯ, РАСПРОСТРАНЕНИЕ И ДР.
Место издания, распространения и т.д. Москва
Имя издателя, распространителя и т. д. Стрекоза
-- Стрекоза-Пресс
Дата издания, распространения и т.д. 2015
215 ## - ФИЗИЧЕСКАЯ ХАРАКТЕРИСТИКА
Специфическое обозначение материала и объем 157, [2] с.
Другие сведения о физической характеристике ил., портр.
Размеры 21
225 1# - СЕРИЯ
Основное заглавие серии Школьная программа
327 1# - ПРИМЕЧАНИЯ О СОДЕРЖАНИИ
Текст примечания Содерж.: Белый пудель; Ю-ю; Собачье счастье; Сапсан; Барбос и Жулька; Изумруд; Слон
333 ## - ПРИМЕЧАНИЯ ОБ ОСОБЕННОСТЯХ РАСПРОСТРАНЕНИЯ И ИСПОЛЬЗОВАНИЯ
Текст примечания 6+
675 ## - УНИВЕРСАЛЬНАЯ ДЕСЯТИЧНАЯ КЛАССИФИКАЦИЯ (UDC/УДК)
Индекс 821.161.1-93
686 0# - ИНДЕКСЫ ДРУГИХ КЛАССИФИКАЦИЙ
Индекс Ш9(2)60=Р5-4
686 0# - ИНДЕКСЫ ДРУГИХ КЛАССИФИКАЦИЙ
Индекс Ш9(2)62=Р5-4
700 #1 - ИМЯ ЛИЦА - ПЕРВИЧНАЯ ОТВЕТСТВЕННОСТЬ
Материалы, к которым относится поле rus
Графика поля Кириллица
Начальный элемент ввода Куприн
Часть имени, кроме начального элемента ввода А. И.
Дополнения к именам, кроме дат писатель
Даты 1870-1938
Расширение инициалов личного имени Александр Иванович
Идентификатор авторитетной/нормативной записи RU\NLR\AUTH\775766
Системный номер авторитетной/нормативной записи 115725
702 #1 - ИМЯ ЛИЦА - ВТОРИЧНАЯ ОТВЕТСТВЕННОСТЬ
Начальный элемент ввода Барай
Часть имени, кроме начального элемента ввода Н.
Код отношения Карикатурист, Художник
801 #0 - ИСТОЧНИК ЗАПИСИ
Страна Российская Федерация
Организация RuMoRKP
Дата составления 20110214
Правила каталогизации RCR
801 #1 - ИСТОЧНИК ЗАПИСИ
Страна Российская Федерация
Организация RuMoRKP
Дата составления 20110214
Источник данных rusmarc
801 #2 - ИСТОЧНИК ЗАПИСИ
Страна Российская Федерация
Организация РГБ
Дата составления 20150306
Правила каталогизации rcr
942 ## - ДОПОЛНИТЕЛЬНЫЕ ЭЛЕМЕНТЫ ЗАПИСИ (АБИС)
Тип экземпляра АБИС Книга
980 ## - КОЛЛЕКЦИЯ
Название коллекции Национальная библиография
Экземпляры
Тип экземпляра Дата поступления Библиотека постоянного хранения Библиотека текущего хранения Место хранения Шифр хранения Штрих-код Статус экземпляра Стоимость Источник поступления Нумерация / хронология для периодики
Книга 07.04.2015 РНБ (Московский) РНБ (Московский) Русский книжный фонд: издания с 1957 года 2015-3/10509 1-916976        
Книга 07.04.2015 РНБ (Московский) РНБ (Московский) Обменный фонд   1-916977   60.00    
Книга 16.02.2016 РНБ (Московский) РНБ (Московский) Обменный фонд   1-1397176   75.00 Обязательный экземпляр  
Книга 16.02.2016 РНБ (Московский) РНБ (Московский) Обменный фонд   1-1397177   70.00 Обязательный экземпляр  
Книга 12.01.2017 РНБ (Московский) РНБ (Московский) Обменный фонд   1-1669800   70.00 Обязательный экземпляр 2016
Книга 12.01.2017 РНБ (Московский) РНБ (Московский) Обменный фонд   1-1669801   120.00 Обязательный экземпляр  
Книга 11.08.2017 РНБ (Московский) РНБ (Московский) Обменный фонд   1-1958039   80.00 Обязательный экземпляр 2017
Книга 11.08.2017 РНБ (Московский) РНБ (Московский) Обменный фонд   1-1958040   70.00 Обязательный экземпляр 2017